Philippine Islands notice to mariners.

Bibliographic Details
Corporate Author: U.S. Coast and Geodetic Survey
Format: Government Document eBook
Language:English
Published: [Washington] : [publisher not identified], 1902.
Subjects:
Online Access:Connect to the full text of this electronic document

MARC

Tag First Indicator Second Indicator Subfields
LEADER 00000cam a22000001a 4500
001 in00003650821
006 m o d f
007 cr bn mmmapmmp
008 141121s1902 dcu o f000 0 eng d
005 20260611190807.7
035 |a ebd1909110077 
040 |a UMI  |c UMI  |d UtOrBLW 
086 0 |a T 11.19/2:902/no.4 
099 |a T1119-3.4 
110 2 |a U.S. Coast and Geodetic Survey.  |0 http://id.loc.gov/authorities/names/n79066403 
245 1 0 |a Philippine Islands notice to mariners. 
264 1 |a [Washington] :  |b [publisher not identified],  |c 1902. 
300 |a 1 online resource (pages 16-19 pages) 
336 |a text  |b txt  |2 rdacontent 
337 |a computer  |b c  |2 rdamedia 
338 |a online resource  |b cr  |2 rdacarrier 
500 |a Reports include sailing directions, with chart corrections and dangers to navigation, by island; and lists of new charts and publications. 
533 |a Electronic reproduction.  |b [Bethesda, Md.] :  |c ProQuest,  |d 2014.  |e digital, PDF file.  |n ProQuest U.S. Executive Branch Documents  |n Mode of access: World Wide Web via ProQuest website. 
588 |a Record is based on online resource; title from PDF title page (ProQuest, last viewed Nov. 2014). Reuse except for individual research requires license from ProQuest, LLC. 
500 |a Electronic resource. 
650 0 |a Cartography.  |0 http://id.loc.gov/authorities/subjects/sh85020515 
650 0 |a Harbors.  |0 http://id.loc.gov/authorities/subjects/sh85058838 
650 0 |a Lighthouses.  |0 http://id.loc.gov/authorities/subjects/sh85076918 
650 0 |a Rivers.  |0 http://id.loc.gov/authorities/subjects/sh85114250 
655 7 |a Electronic books.  |2 local 
856 4 0 |u http://proxy.library.tamu.edu/login?url=https://congressional.proquest.com/congressional/docview/t66.d71.t1119-3.4  |z Connect to the full text of this electronic document  |t 0 
999 f f |s 78837ffe-2c98-345e-a3c2-cd14ca5d58e9  |i ba02f5fc-6bec-304a-ad20-e81c953f3fe7  |t 0 
952 f f |a Texas A&M University  |b College Station  |c Electronic Resources  |s www_evans  |d Available Online  |t 0  |h No information provided 
998 f f |t 0  |l Available Online